000 00661nam a2200193 i 4500
001 142394
003 ES-MaACL
005 20230906200518.0
007 t|
008 071005s1972 sp a |||| | spa d
080 _a373.3/.5(467.11 Mataró) E.P. de Sta. Ana (091)
100 1 _aVilá Palá, Claudio.
_9114731
245 1 0 _aEscuelas Pías de Mataró
_b: su historial pedagógico /
_cC. Vilá Palá, Sch. P.
250 _a1ª ed.
260 _aSalamanca :
_b[s.n.],
_c1972 (
_fImp. Calatrava)
300 _aXIX, 989 p. :
_bil. ;
_c25 cm.
610 2 4 _aColegio de las Escuelas Pías de Santa Ana (Mataró)-
_vHistoria.
_9162996
852 _aES-MaACL
_jC-43465
999 _c142394
_d142394